000 00900nam a2200289 a 4500
001 000036173
003 DO-SdBNP
005 20240412074258.0
007 ta
008 120110s2011 dr 000 0 spa d
020 _a9789945164527
040 _aDO-SdBNP
_bspa
_cBNPHU
082 4 _aRD861.44
_bJ86m
_222
100 1 _aJovine Bermúdez, Federico,
_d1944-2017
_925425
245 1 0 _aMemoria gris de las devastaciones /
_cFederico Jovine Bermúdez.
260 _aSanto Domingo :
_bFundación Casa de Poesía,
_c2011.
300 _a43 p. ;
_c22 cm.
490 1 _aPoesía
_v1
500 _aIncluye datos biográficos del autor en la solapa de la cubierta
500 _aFolleto
590 _aInventariado, 2019/VM
650 4 _aPoesía dominicana
_966
650 0 _aLiteratura dominicana.
_967
830 0 _aPoesía
_n1
_923798
910 _aValidado. Control de calidad MFF
942 _2ddc
_cLBS1
999 _c35664
_d35664